00529pab a2200145 454500008004000000100001700040245008800057260000900145300001100154650004100165773005100206909000900257999001500266952010200281180718b1986 xxu||||| |||| 00| 0 eng d aThai, Khi V. aPublic budgeting and financial management curriculum reformbA conceptual framework c1986 a315-35 aFinance, Public - Study and Teaching aInternational Journal of Public Administration a8528 c8528d8528 00104070aIIPAbIIPAd2018-07-19hVolume no: 8, Issue no: 3pAR8542r2018-07-19w2018-07-19yAR